000 00769nam a2200265Ia 4500
003 OSt
005 20220927105600.0
006 a|||||r|||| 00| 0
007 ta
008 220926b |||||||| |||| 00| 0 eng d
024 _a187581
037 _cReference Collections
040 _aRTL
_cRTL
_beng
041 _2eng
_aeng
082 _a"X:9.1.N51s, J1/UN"
110 _aINTERNATIONAL LABOUR OFFICE
245 0 _aMethods of labour productivity statistics
260 _aGeneva
_bILO
_c1951
300 _a"iv,136p"
_ccm.
490 _aStudies and reports;no.18
500 _aAppendix: 124-136P
700 _aINTERNATIONAL LABOUR OFFICE
942 _h"X:9.1.N51s, J1/UN"
_cCC
999 _c693278
_d693278